| 000 | 00000nam 2200000za 4500 |
| 001 | 9.816833 |
| 003 | CaOODSP |
| 005 | 20221107142334 |
| 007 | cr ||||||||||| |
| 008 | 160504s2016 oncd ob f000 0 fre d |
| 040 | |aCaOODSP|bfre |
| 043 | |an-cn--- |
| 086 | 1 |aFs70-7/2016-008F-PDF |
| 245 | 00|aMise à jour des indicateurs de l'état du stock de flétan atlantique du golfe du Saint-Laurent (4RST) en 2015 |h[ressource électronique]. |
| 246 | 37|aRéponse des Sciences : mise à jour sur le flétan atlantique du golfe Saint-Laurent (4RST) |
| 260 | |a[Ottawa] : |bPêches et Océans Canada, |c2016. |
| 300 | |a5 p. : |bill. |
| 490 | 1 |aSecrétariat canadien de consultation scientifique - réponse des sciences, |x1919-3815 ; |v2016/008, Région du Québec |
| 500 | |aPublié aussi en anglais sous le titre : Update of indicators of the status of the Gulf of St. Lawrence (4RST) Atlantic halibut stock in 2015. |
| 500 | |a« Avril 2016. » |
| 504 | |aComprend des références bibliographiques (p. 4). |
| 692 | 07|2gccst|aRessources halieutiques |
| 692 | 07|2gccst|aPoisson de mer |
| 692 | 07|2gccst|aZone de pêche |
| 692 | 07|2gccst|aGestion des pêches |
| 710 | 1 |aCanada. |bMinistère des pêches et des océans. |
| 710 | 2 |aSecrétariat canadien de consultation scientifique. |
| 775 | 08|tUpdate of indicators of the status of the Gulf of St. Lawrence (4RST) Atlantic halibut stock in 2015 |w(CaOODSP)9.816831 |
| 830 | #0|aRéponse des sciences (Secrétariat canadien de consultation scientifique)|x1919-3815 ; |v2016/008, Région du Québec|w(CaOODSP)9.502630 |
| 856 | 40|qPDF|s147 Ko|uhttps://publications.gc.ca/collections/collection_2016/mpo-dfo/Fs70-7-2016-008-fra.pdf |